| 000 | 00425nam a22001577a 4500 | ||
|---|---|---|---|
| 003 | SGT | ||
| 020 | _a9798887402918 | ||
| 082 |
_a615.6 _bN22C |
||
| 100 | _aCABRAL,TOBY,ed. | ||
| 245 | _aNANOTECHNOLOGY IN DRUG DELIVERY AND PHARMACEUTICALS | ||
| 260 |
_aNEW YORK _bAMERICAN MEDICAL PUB. _c2022 |
||
| 300 | _a241 | ||
| 650 | _aDRUG DELIVERY | ||
| 653 | _aNANOTECHNOLOGY , DRUG, DELIVERY , PHARMACEUTICALS | ||
| 942 |
_2ddc _cBK |
||
| 999 |
_c27021 _d27021 |
||